Management of the object-oriented development process (Record no. 2257)

MARC details
000 -LEADER
fixed length control field 00746nam a2200229Ia 4500
008 - FIXED-LENGTH DATA ELEMENTS--GENERAL INFORMATION
fixed length control field 191130s2006##################000#0#eng##
020 ## - INTERNATIONAL STANDARD BOOK NUMBER
International Standard Book Number 9781591406044
022 ## - INTERNATIONAL STANDARD SERIAL NUMBER
International Standard Serial Number 2005004533
040 ## - CATALOGING SOURCE
Original cataloging agency ACL
Transcribing agency ACL
082 ## - DEWEY DECIMAL CLASSIFICATION NUMBER
Classification number 005.117 LIU
245 ## - TITLE STATEMENT
Title Management of the object-oriented development process
Statement of responsibility, etc. [edited by] Liping Liu, Borislav Roussev
260 ## - PUBLICATION, DISTRIBUTION, ETC.
Place of publication, distribution, etc. Hershey, PA
Name of publisher, distributor, etc. Idea Group Pub
Date of publication, distribution, etc. c2006
300 ## - PHYSICAL DESCRIPTION
Extent x, 372 p. : ill. ; 26 cm
500 ## - GENERAL NOTE
General note Includes bibliographical references and index
650 ## - SUBJECT ADDED ENTRY--TOPICAL TERM
Topical term or geographic name entry element Computer software - Development
Topical term or geographic name entry element Object-oriented programming (Computer science)
700 ## - ADDED ENTRY--PERSONAL NAME
Personal name Liu, Liping
Personal name Roussev, Boris
990 ## - EQUIVALENCES OR CROSS-REFERENCES [LOCAL, CANADA]
Link information for 9XX fields cb395f16ac10000c2365a2f4dea80880
991 ## -
-- 66319
Holdings
Withdrawn status Lost status Materials specified (bound volume or other part) Damaged status Not for loan Home library Current library Shelving location Date acquired Total Checkouts Full call number Barcode Date last seen Price effective from Koha item type
    hbk     Anna Centenary Library Anna Centenary Library 3RD FLOOR, A WING 09.10.2020   005.117 LIU 462195 09.10.2020 09.10.2020 English Books

Find us on the map